[Event "2. Bundesliga West 2015/16"]
[Site "Servus Europa Wals"]
[Date "2016.03.05"]
[Round "10"]
[Board "6"]
[White "Poettinger, Harald"]
[Black "Nussbaumer, Leon"]
[Result "1/2-1/2"]
[WhiteElo "2212"]
[BlackElo "1890"]
[PlyCount "81"]
[EventDate "2015.10.16"]
[EventType "team"]
[EventRounds "11"]
[EventCountry "AUT"]
[WhiteTeam "Bregenz"]
[BlackTeam "Pradl"]

1. c4 e6 2. g3 d5 3. Nf3 Nf6 4. Bg2 c6 5. O-O Nbd7 6. d4 dxc4 7. a4 b5 8. b3
Bb7 9. bxc4 bxc4 10. Na3 c5 11. Nxc4 Bd5 12. Ne3 Be4 13. Ba3 cxd4 14. Qxd4 Bxa3
15. Rxa3 O-O 16. Rd1 Qb6 17. a5 Qxd4 18. Nxd4 Bxg2 19. Kxg2 Rfc8 20. Rb1 Rc7
21. f3 Kf8 22. Rb4 Rac8 23. Kf2 Nc5 24. g4 h6 25. h4 Ke7 26. Ra2 Ncd7 27. Rab2
Rc5 28. Rb5 a6 29. Rxc5 Rxc5 30. Rb7 Ke8 31. Ra7 Nb8 32. Rb7 Nfd7 33. Nb3 Rb5
34. Rxb5 axb5 35. Ke1 Nc6 36. Kd2 Kd8 37. Kc3 Kc7 38. Nc2 Nde5 39. Nbd4 Nxa5
40. Nxb5+ Kd7 41. Ncd4 1/2-1/2

[Event "2. Bundesliga West 2015/16"]
[Site "Servus Europa Wals"]
[Date "2016.03.05"]
[Round "10"]
[Board "1"]
[White "Wegener, Olaf"]
[Black "Baldauf, Marco"]
[Result "1-0"]
[WhiteElo "2441"]
[BlackElo "2420"]
[PlyCount "79"]
[EventDate "2015.10.16"]
[EventType "team"]
[EventRounds "11"]
[EventCountry "AUT"]
[WhiteTeam "Rochade Rum"]
[BlackTeam "Hohenems II"]

1. e4 c5 2. Nf3 d6 3. d4 cxd4 4. Nxd4 Nf6 5. Nc3 g6 6. Be3 Bg7 7. f3 O-O 8. Qd2
Nc6 9. g4 Be6 10. Nxe6 fxe6 11. O-O-O Ne5 12. Be2 Qc8 13. h4 Nfd7 14. f4 Nc4
15. Bxc4 Qxc4 16. e5 Rad8 17. exd6 Nf6 18. Qd4 Qxd4 19. Bxd4 exd6 20. Rhg1 a6
21. f5 gxf5 22. gxf5 e5 23. Be3 Kf7 24. Bg5 h6 25. Bxf6 Bxf6 26. Rg6 Bxh4 27.
Ne4 Bg5+ 28. Kb1 Ke7 29. Re6+ Kd7 30. c4 Kc7 31. f6 Be3 32. Nc3 Bd4 33. Nd5+
Kb8 34. Rh1 e4 35. Rxh6 e3 36. Kc2 Rf7 37. b3 Rg8 38. Kd3 Bc5 39. Re7 Rgf8 40.
b4 1-0

[Event "2. Bundesliga West 2015/16"]
[Site "Servus Europa Wals"]
[Date "2016.03.05"]
[Round "10"]
[Board "2"]
[White "Amann, Guenter"]
[Black "Spornberger, Maximilian"]
[Result "0-1"]
[WhiteElo "2347"]
[BlackElo "2347"]
[PlyCount "146"]
[EventDate "2015.10.16"]
[EventType "team"]
[EventRounds "11"]
[EventCountry "AUT"]
[WhiteTeam "Hohenems II"]
[BlackTeam "Rochade Rum"]

1. e4 e6 2. d4 d5 3. Nd2 Nf6 4. e5 Nfd7 5. Bd3 c5 6. c3 Nc6 7. Ne2 cxd4 8. cxd4
f6 9. Nf4 Nxd4 10. Qh5+ Ke7 11. exf6+ Nxf6 12. Ng6+ hxg6 13. Qxh8 Kf7 14. O-O
e5 15. Nb3 Nxb3 16. axb3 Bf5 17. Bxf5 gxf5 18. Bg5 Bc5 19. Qh3 g6 20. b4 Bb6
21. Qb3 Qd6 22. Be3 Rd8 23. Rfc1 Kg7 24. Bc5 Qe6 25. Bxb6 axb6 26. Rc7+ Rd7 27.
Rc8 f4 28. b5 e4 29. Qa3 Re7 30. Rac1 e3 31. fxe3 Qxe3+ 32. Qxe3 fxe3 33. R8c7
Kf7 34. Kf1 Nd7 35. Ke2 Kf6 36. Rd1 Ke5 37. Rc3 Nc5 38. Rxe3+ Ne4 39. Red3 Rd7
40. Rd4 Nc5 41. Rg4 Ne6 42. g3 Kf5 43. h3 Rd6 44. b4 g5 45. Kd3 Rd8 46. Rf1+
Ke5 47. Re1+ Kf5 48. Rxe6 Kxe6 49. Rxg5 Rc8 50. h4 Rc1 51. h5 Rd1+ 52. Ke2 Rh1
53. g4 Rh3 54. Rg6+ Ke5 55. h6 Ke4 56. Kf2 d4 57. Kg2 Rh4 58. Kg3 Rh1 59. Re6+
Kd5 60. Re2 Rxh6 61. g5 Rg6 62. Kf4 d3 63. Rg2 Kd4 64. Kf5 Rg8 65. Ke6 Kc3 66.
Kf7 Rd8 67. Ke7 Ra8 68. Rg3 Kc2 69. Kd7 d2 70. Rg2 Kc1 71. Rg1+ d1=Q+ 72. Rxd1+
Kxd1 73. Kc7 Rg8 0-1

[Event "2. Bundesliga West 2015/16"]
[Site "Servus Europa Wals"]
[Date "2016.03.05"]
[Round "10"]
[Board "3"]
[White "Gatterer, Florian"]
[Black "Burschowsky, Matthias"]
[Result "1/2-1/2"]
[WhiteElo "2223"]
[BlackElo "2208"]
[PlyCount "102"]
[EventDate "2015.10.16"]
[EventType "team"]
[EventRounds "11"]
[EventCountry "AUT"]
[WhiteTeam "Rochade Rum"]
[BlackTeam "Hohenems II"]

1. c4 c5 2. Nf3 Nf6 3. Nc3 g6 4. e4 Bg7 5. d4 cxd4 6. Nxd4 d6 7. Be2 O-O 8. O-O
Nc6 9. Be3 Bd7 10. Nc2 Ne5 11. f3 Qc7 12. Na3 Qa5 13. Qd2 Rfc8 14. Rfc1 a6 15.
h3 Be6 16. Nd5 Qxd2 17. Bxd2 Bxd5 18. cxd5 b5 19. Rxc8+ Rxc8 20. Rc1 Rxc1+ 21.
Bxc1 e6 22. dxe6 fxe6 23. Nc2 Nc6 24. a4 bxa4 25. Bxa6 d5 26. Bb5 Na7 27. Bxa4
dxe4 28. Be3 Nc8 29. fxe4 Nxe4 30. Bd7 Ncd6 31. Bxe6+ Kf8 32. b4 Ke7 33. Bd5
Nc3 34. Bc6 Kd8 35. Bb6+ Kc8 36. Bc5 Kc7 37. Bf3 Nce4 38. Be3 Bc3 39. b5 Ba5
40. Nd4 Nc4 41. Bf4+ Ned6 42. Ne6+ Kb6 43. Nf8 Kxb5 44. Nxh7 Bd8 45. Be2 Nf7
46. Nf8 g5 47. Bc1 Kb4 48. Kf2 Nce5 49. Ke3 Kc3 50. Ne6 Be7 51. Bh5 Kc2 1/2-1/2

[Event "2. Bundesliga West 2015/16"]
[Site "Servus Europa Wals"]
[Date "2016.03.05"]
[Round "10"]
[Board "4"]
[White "Sandholzer, Robert"]
[Black "Spornberger, Andre"]
[Result "0-1"]
[WhiteElo "2175"]
[BlackElo "2108"]
[PlyCount "60"]
[EventDate "2015.10.16"]
[EventType "team"]
[EventRounds "11"]
[EventCountry "AUT"]
[WhiteTeam "Hohenems II"]
[BlackTeam "Rochade Rum"]

1. e4 e6 2. d4 d5 3. Nd2 Nf6 4. e5 Nfd7 5. Bd3 c5 6. c3 Nc6 7. Ne2 cxd4 8. cxd4
f6 9. exf6 Nxf6 10. Nf3 Bd6 11. O-O O-O 12. Bf4 Nh5 13. Bxd6 Qxd6 14. Ng3 Nf4
15. Bb5 Ne7 16. Qd2 a6 17. Bd3 Bd7 18. Ne5 Nc6 19. Nxc6 Bxc6 20. Rfe1 Rac8 21.
Rac1 Rfe8 22. Bf1 Ng6 23. Bd3 Qf4 24. Re3 Qxd4 25. Nf1 Qf6 26. Ra1 d4 27. Rg3
e5 28. f3 Nf4 29. Bb1 h5 30. Qc2 d3 0-1

[Event "2. Bundesliga West 2015/16"]
[Site "Servus Europa Wals"]
[Date "2016.03.05"]
[Round "10"]
[Board "5"]
[White "Hengl, Christian"]
[Black "Kranzl, Julian"]
[Result "1/2-1/2"]
[WhiteElo "2245"]
[BlackElo "1763"]
[PlyCount "106"]
[EventDate "2015.10.16"]
[EventType "team"]
[EventRounds "11"]
[EventCountry "AUT"]
[WhiteTeam "Rochade Rum"]
[BlackTeam "Hohenems II"]

1. c4 c5 2. Nc3 g6 3. g3 Bg7 4. Bg2 Nf6 5. e4 Nc6 6. f4 e5 7. d3 d6 8. Nf3 Bg4
9. h3 Bxf3 10. Qxf3 Nd4 11. Qf2 a6 12. O-O O-O 13. fxe5 dxe5 14. Bg5 Ng4 15.
Bxd8 Nxf2 16. Be7 Rfe8 17. Rxf2 Rxe7 18. Nd5 Re6 19. Nc7 Rd8 20. Nxe6 Nxe6 21.
Bf1 Bh6 22. Kg2 Nd4 23. Rb1 Nc6 24. a3 Be3 25. Rf3 Bd2 26. Rd1 Bh6 27. Rf2 Kg7
28. b3 a5 29. Rb2 Be3 30. Be2 h5 31. Kf3 Bd4 32. Rbb1 Rd6 33. Kg2 Be3 34. Rf1
Nd4 35. Rb2 Nc6 36. Rbb1 Nd4 37. Bd1 Nc6 38. Bc2 Nd4 39. Rb2 Nc6 40. Bb1 Bd4
41. Rd2 Be3 42. Re2 Bd4 43. Ba2 Rd8 44. Rf3 Rf8 45. g4 h4 46. g5 Nd8 47. Rf6
Ne6 48. Re1 Bb2 49. Ref1 Bxa3 50. Rxe6 fxe6 51. Rxf8 Kxf8 52. Kf3 Bb4 53. Kg4
Be1 1/2-1/2

[Event "2. Bundesliga West 2015/16"]
[Site "Servus Europa Wals"]
[Date "2016.03.05"]
[Round "10"]
[Board "6"]
[White "Kuntner, Reinhard"]
[Black "Hoellrigl, Wilfried"]
[Result "0-1"]
[WhiteElo "1972"]
[BlackElo "2153"]
[PlyCount "60"]
[EventDate "2015.10.16"]
[EventType "team"]
[EventRounds "11"]
[EventCountry "AUT"]
[WhiteTeam "Hohenems II"]
[BlackTeam "Rochade Rum"]

1. d4 Nf6 2. c4 c5 3. d5 b5 4. a4 b4 5. g3 d6 6. Bg2 g6 7. b3 Bg7 8. Bb2 O-O 9.
Nh3 a5 10. O-O Nbd7 11. Nf4 Nb6 12. Nd2 Ra7 13. Qc2 e6 14. dxe6 fxe6 15. e4 g5
16. Nh3 g4 17. Nf4 e5 18. Nd5 h5 19. Ne3 Raf7 20. Nf5 Nxe4 21. Nxg7 Nxd2 22.
Qxd2 Rxg7 23. Rad1 Bf5 24. Bxe5 Rd7 25. Ba1 Qe7 26. Rfe1 Qh7 27. Qg5+ Qg6 28.
Qxg6+ Bxg6 29. Re6 Bc2 30. Rdxd6 Rfd8 0-1

[Event "2. Bundesliga West 2015/16"]
[Site "Servus Europa Wals"]
[Date "2016.03.05"]
[Round "10"]
[Board "1"]
[White "Novkovic, Milan"]
[Black "Brumen, Dinko"]
[Result "1/2-1/2"]
[WhiteElo "2380"]
[BlackElo "2359"]
[PlyCount "67"]
[EventDate "2015.10.16"]
[EventType "team"]
[EventRounds "11"]
[EventCountry "AUT"]
[WhiteTeam "Dornbirn"]
[BlackTeam "Schwarzach"]

1. d4 Nf6 2. Nf3 e6 3. c4 d5 4. Nc3 Nbd7 5. cxd5 exd5 6. Bg5 c6 7. e3 Be7 8.
Qc2 Nf8 9. Bd3 Ng6 10. O-O-O a5 11. h3 a4 12. Kb1 Be6 13. Rc1 Qa5 14. Ne5 a3
15. b3 c5 16. f4 c4 17. bxc4 Nxe5 18. dxe5 dxc4 19. Bxc4 Bxc4 20. exf6 gxf6 21.
Bh4 O-O 22. Ka1 Rfd8 23. Rhd1 Rxd1 24. Qxd1 Qb4 25. Qc2 Qb2+ 26. Qxb2 axb2+ 27.
Kxb2 Ba3+ 28. Kc2 Bxc1 29. Kxc1 Bxa2 30. Bxf6 Bc4 31. g4 b5 32. Bd4 Ra1+ 33.
Kb2 Ra6 34. Ne4 1/2-1/2

[Event "2. Bundesliga West 2015/16"]
[Site "Servus Europa Wals"]
[Date "2016.03.05"]
[Round "10"]
[Board "2"]
[White "Stajner, Samo"]
[Black "Schmidlechner, Alexander"]
[Result "1-0"]
[WhiteElo "2351"]
[BlackElo "2217"]
[PlyCount "61"]
[EventDate "2015.10.16"]
[EventType "team"]
[EventRounds "11"]
[EventCountry "AUT"]
[WhiteTeam "Schwarzach"]
[BlackTeam "Dornbirn"]

1. d4 d5 2. c4 c6 3. Nf3 Nf6 4. e3 e6 5. b3 Ne4 6. Bd3 Bb4+ 7. Nbd2 f5 8. O-O
O-O 9. Ne5 Nd7 10. f4 Nxe5 11. fxe5 Bd7 12. Nxe4 fxe4 13. Rxf8+ Qxf8 14. Be2
Qf7 15. Bd2 Be7 16. Bg4 Rf8 17. Qe2 Qe8 18. Rc1 Ba3 19. Rc2 Be7 20. Be1 Bg5 21.
Bb4 Be7 22. Bd6 Bxd6 23. exd6 e5 24. cxd5 exd4 25. Bxd7 Qxd7 26. Qc4 cxd5 27.
Qxd5+ Kh8 28. Qxd4 Qf5 29. h3 h6 30. Rc7 Qg6 31. d7 1-0

[Event "2. Bundesliga West 2015/16"]
[Site "Servus Europa Wals"]
[Date "2016.03.05"]
[Round "10"]
[Board "3"]
[White "Klocker, Benedikt"]
[Black "Roeberg, Frank"]
[Result "0-1"]
[WhiteElo "2192"]
[BlackElo "2249"]
[PlyCount "56"]
[EventDate "2015.10.16"]
[EventType "team"]
[EventRounds "11"]
[EventCountry "AUT"]
[WhiteTeam "Dornbirn"]
[BlackTeam "Schwarzach"]

1. d4 Nf6 2. c4 c5 3. d5 b5 4. cxb5 a6 5. bxa6 g6 6. Nc3 Bxa6 7. e4 Bxf1 8.
Kxf1 d6 9. g3 Bg7 10. Kg2 O-O 11. Nge2 Na6 12. Qd3 Qb6 13. b3 e6 14. Bb2 Qb7
15. f3 exd5 16. Nxd5 Nxd5 17. Bxg7 Nab4 18. Qd2 Kxg7 19. exd5 Nxd5 20. Rhd1
Rfe8 21. Kf2 Ne3 22. Qb2+ Kg8 23. Rxd6 Nc4 24. Qf6 Nxd6 25. Qxd6 c4 26. Qd4
cxb3 27. axb3 Rxa1 28. Qxa1 Qxb3 0-1

[Event "2. Bundesliga West 2015/16"]
[Site "Servus Europa Wals"]
[Date "2016.03.05"]
[Round "10"]
[Board "4"]
[White "Ruecker, Benjamin"]
[Black "Kanonier, Clemens"]
[Result "1-0"]
[WhiteElo "2269"]
[BlackElo "2117"]
[PlyCount "95"]
[EventDate "2015.10.16"]
[EventType "team"]
[EventRounds "11"]
[EventCountry "AUT"]
[WhiteTeam "Schwarzach"]
[BlackTeam "Dornbirn"]

1. d4 d5 2. c4 e6 3. Nf3 Nf6 4. g3 dxc4 5. Bg2 Nc6 6. Qa4 Bb4+ 7. Bd2 Nd5 8.
Bxb4 Ndxb4 9. a3 b5 10. Qd1 Nd5 11. a4 b4 12. O-O a5 13. e4 Nb6 14. d5 Ne7 15.
dxe6 Bxe6 16. Qc1 O-O 17. Rd1 Qc8 18. Qg5 Qe8 19. Nd4 h6 20. Qc1 Bd7 21. Re1
Bxa4 22. Nd2 Qd7 23. N4f3 Bb5 24. Bf1 c3 25. bxc3 Bxf1 26. Nxf1 c5 27. cxb4
cxb4 28. Qc5 Qa7 29. Reb1 Rfc8 30. Qb5 Nc6 31. Ne3 Qa6 32. Qh5 Qe2 33. Re1 Qd3
34. Rad1 Qb3 35. Nf5 Ra7 36. Qg4 f6 37. Nxh6+ Kf8 38. Nf5 Rd8 39. Rc1 Qe6 40.
Qh4 Rc7 41. Qh8+ Qg8 42. Qxg8+ Kxg8 43. Rxc6 Rb7 44. Nd6 Rbd7 45. Nd4 Nc8 46.
Rxc8 Rxc8 47. Nxc8 Rxd4 48. Ne7+ 1-0

[Event "2. Bundesliga West 2015/16"]
[Site "Servus Europa Wals"]
[Date "2016.03.05"]
[Round "10"]
[Board "5"]
[White "Ruescher, Christian"]
[Black "Ljubic, Juro"]
[Result "0-1"]
[WhiteElo "2093"]
[BlackElo "2213"]
[PlyCount "70"]
[EventDate "2015.10.16"]
[EventType "team"]
[EventRounds "11"]
[EventCountry "AUT"]
[WhiteTeam "Dornbirn"]
[BlackTeam "Schwarzach"]

1. e4 c5 2. Nc3 a6 3. f4 b5 4. Qe2 Bb7 5. Nf3 Nf6 6. d3 e6 7. e5 b4 8. Nd1 Nd5
9. Bd2 Be7 10. g3 O-O 11. Nf2 Nc6 12. c3 d6 13. exd6 Qxd6 14. Bg2 f5 15. O-O
Bf6 16. Ne5 Qc7 17. Nxc6 Qxc6 18. Qf3 bxc3 19. bxc3 Rac8 20. Rab1 Ba8 21. Rfe1
Rfe8 22. c4 Nb4 23. Qxc6 Bxc6 24. a3 Nc2 25. Rec1 Nd4 26. Bxc6 Rxc6 27. Kg2 e5
28. Re1 Rce6 29. fxe5 Rxe5 30. Rxe5 Rxe5 31. Bf4 Re2 32. Bd6 Ne6 33. Kf1 Ra2
34. Rb3 Ra1+ 35. Ke2 Nd4+ 0-1

[Event "2. Bundesliga West 2015/16"]
[Site "Servus Europa Wals"]
[Date "2016.03.05"]
[Round "10"]
[Board "6"]
[White "Stoeckl, Norbert"]
[Black "Ausserer, Felix"]
[Result "0-1"]
[WhiteElo "2094"]
[BlackElo "1901"]
[PlyCount "88"]
[EventDate "2015.10.16"]
[EventType "team"]
[EventRounds "11"]
[EventCountry "AUT"]
[WhiteTeam "Schwarzach"]
[BlackTeam "Dornbirn"]

1. e4 c5 2. Nf3 d6 3. d4 cxd4 4. Qxd4 Nc6 5. Qe3 g6 6. Be2 Bg7 7. O-O Nf6 8. c4
O-O 9. h3 Qc7 10. Nc3 a6 11. Bd2 e6 12. Rac1 Nd7 13. Na4 Rb8 14. Bc3 e5 15. b3
f5 16. exf5 gxf5 17. Rfd1 b5 18. cxb5 axb5 19. Nb2 Nc5 20. Ng5 Qe7 21. b4 Ne6
22. Nxe6 Bxe6 23. a4 bxa4 24. b5 Nd4 25. Nxa4 f4 26. Qe4 d5 27. Qd3 e4 28. Qxd4
Bxd4 29. Bxd4 f3 30. Bf1 fxg2 31. Be2 Bxh3 32. Rc3 Bf5 33. Rg3+ Bg6 34. Bc5 Qh4
35. Rxg2 e3 36. Nc3 exf2+ 37. Bxf2 Rxf2 38. Rxf2 d4 39. Bc4+ Kg7 40. Ne2 Rd8
41. Nf4 Qg4+ 42. Kh2 Qxd1 43. Ne6+ Kh8 44. Nxd8 Qh5+ 0-1

[Event "2. Bundesliga West 2015/16"]
[Site "Servus Europa Wals"]
[Date "2016.03.05"]
[Round "10"]
[Board "1"]
[White "Bilchinski, Anton"]
[Black "Durakovic, Alman"]
[Result "1-0"]
[WhiteElo "2260"]
[BlackElo "2314"]
[PlyCount "95"]
[EventDate "2015.10.16"]
[EventType "team"]
[EventRounds "11"]
[EventCountry "AUT"]
[WhiteTeam "Goetzis 2"]
[BlackTeam "SIR Bernhard 2"]

1. d4 Nf6 2. c4 e6 3. Nc3 Bb4 4. e3 c5 5. Nge2 d6 6. a3 Ba5 7. g3 O-O 8. Bg2
Nc6 9. O-O Re8 10. Qc2 Bxc3 11. Qxc3 e5 12. dxe5 dxe5 13. Qc2 Be6 14. b3 Qc8
15. Nc3 Bf5 16. e4 Nd4 17. Qb2 Bh3 18. f3 h6 19. Be3 Bxg2 20. Kxg2 Qc6 21. Rf2
a6 22. Rc1 Rac8 23. b4 cxb4 24. axb4 Qxc4 25. Ne2 Qd3 26. Rxc8 Rxc8 27. Nxd4
exd4 28. Bxd4 Rc6 29. Rd2 Qc4 30. Bc5 Rc8 31. Qd4 Qxd4 32. Rxd4 Rc7 33. Rd8+
Kh7 34. e5 Rd7 35. Rb8 Rd2+ 36. Kf1 Nd7 37. Rd8 Rd3 38. Ke2 Nxc5 39. Rxd3 Nxd3
40. Kxd3 Kg6 41. Ke4 b6 42. f4 h5 43. f5+ Kh7 44. Kd5 a5 45. bxa5 bxa5 46. e6
fxe6+ 47. fxe6 Kg8 48. Kd6 1-0

[Event "2. Bundesliga West 2015/16"]
[Site "Servus Europa Wals"]
[Date "2016.03.05"]
[Round "10"]
[Board "2"]
[White "Huch, Reiner"]
[Black "Quintero Ortega, Carlos"]
[Result "1-0"]
[WhiteElo "2277"]
[BlackElo "2190"]
[PlyCount "85"]
[EventDate "2015.10.16"]
[EventType "team"]
[EventRounds "11"]
[EventCountry "AUT"]
[WhiteTeam "SIR Bernhard 2"]
[BlackTeam "Goetzis 2"]

1. Nf3 d5 2. d4 Nf6 3. c4 c6 4. e3 a6 5. Bd3 b5 6. b3 Bg4 7. Nbd2 Nbd7 8. Qc2
e6 9. Bb2 Bxf3 10. Nxf3 Bb4+ 11. Bc3 Qa5 12. Bxb4 Qxb4+ 13. Qd2 Qe7 14. O-O O-O
15. cxd5 cxd5 16. Rfc1 b4 17. Rc7 Qd8 18. Rac1 a5 19. Qc2 Ne4 20. Bxe4 dxe4 21.
Nd2 Nf6 22. Nxe4 Nxe4 23. Qxe4 a4 24. Qb7 axb3 25. axb3 g6 26. g3 Rb8 27. Qc6
h5 28. Qe4 Ra8 29. Rb7 Rb8 30. Rcc7 Rxb7 31. Qxb7 e5 32. Rc4 exd4 33. Rxd4 Qf6
34. Rxb4 Rd8 35. Rf4 Rd1+ 36. Kg2 Qe6 37. h4 Rb1 38. b4 Rb2 39. Qa8+ Kg7 40.
Qe4 Qa2 41. Qd4+ Kg8 42. Qd8+ Kh7 43. Qf6 1-0

[Event "2. Bundesliga West 2015/16"]
[Site "Servus Europa Wals"]
[Date "2016.03.05"]
[Round "10"]
[Board "3"]
[White "Gauss, Gustav"]
[Black "Wieneroiter, Gerald"]
[Result "1/2-1/2"]
[WhiteElo "2182"]
[BlackElo "2140"]
[PlyCount "118"]
[EventDate "2015.10.16"]
[EventType "team"]
[EventRounds "11"]
[EventCountry "AUT"]
[WhiteTeam "Goetzis 2"]
[BlackTeam "SIR Bernhard 2"]

1. d4 d5 2. Bf4 Nf6 3. e3 c5 4. c3 Nc6 5. Nd2 cxd4 6. exd4 Bf5 7. Qb3 Qc8 8.
Ngf3 e6 9. Be2 Be7 10. O-O Ne4 11. Nxe4 Bxe4 12. Ne5 O-O 13. Rac1 Bd6 14. Nxc6
Qxc6 15. Bxd6 Qxd6 16. f4 Rab8 17. Qb4 Qxb4 18. cxb4 Rfc8 19. Kf2 Kf8 20. g3
Ke7 21. Ke3 Kd8 22. Kd2 Rxc1 23. Rxc1 Rc8 24. Rc5 b6 25. Rxc8+ Kxc8 26. Ba6+
Kc7 27. a4 f6 28. h4 Kd6 29. Ke3 Bg6 30. a5 e5 31. Bb5 Bf5 32. Be8 Bc8 33. Ba4
Ke6 34. Bc2 h6 35. Bd3 e4 36. Be2 Kf7 37. Bd1 Bh3 38. Be2 g6 39. Bd1 h5 40. Be2
Kg7 41. Ba6 Be6 42. Be2 Kh6 43. Bd1 g5 44. Be2 gxh4 45. gxh4 Kg6 46. Bd1 Bf7
47. Be2 Kf5 48. Bd1 Ke6 49. Be2 Kd6 50. Bb5 Be6 51. Be2 Bg4 52. Bb5 Kc7 53. Be8
Bd1 54. Kd2 Bf3 55. Ke3 Kd6 56. Bf7 Bg4 57. Kd2 Kc6 58. Be8+ Kd6 59. Bf7 Kc7
 1/2-1/2

[Event "2. Bundesliga West 2015/16"]
[Site "Servus Europa Wals"]
[Date "2016.03.05"]
[Round "10"]
[Board "4"]
[White "Autengruber, Daniel"]
[Black "Gretz, Denis"]
[Result "0-1"]
[WhiteElo "2022"]
[BlackElo "2073"]
[PlyCount "40"]
[EventDate "2015.10.16"]
[EventType "team"]
[EventRounds "11"]
[EventCountry "AUT"]
[WhiteTeam "SIR Bernhard 2"]
[BlackTeam "Goetzis 2"]

1. e4 c5 2. Na3 g6 3. c3 d5 4. e5 Nc6 5. d4 Nh6 6. dxc5 Bg7 7. Bb5 O-O 8. Bxc6
bxc6 9. Bf4 Ng4 10. Nf3 f6 11. exf6 Rxf6 12. Bg3 Ba6 13. Nd4 Qd7 14. h3 Nxf2
15. Bxf2 Raf8 16. Qa4 Rxf2 17. Qxa6 Bxd4 18. cxd4 Qe6+ 19. Kd1 Qe3 20. Rc1 Qb3+
 0-1

[Event "2. Bundesliga West 2015/16"]
[Site "Servus Europa Wals"]
[Date "2016.03.05"]
[Round "10"]
[Board "6"]
[White "Kliegl, Severin"]
[Black "Ferk, Martin"]
[Result "0-1"]
[WhiteElo "1906"]
[BlackElo "1938"]
[PlyCount "46"]
[EventDate "2015.10.16"]
[EventType "team"]
[EventRounds "11"]
[EventCountry "AUT"]
[WhiteTeam "SIR Bernhard 2"]
[BlackTeam "Goetzis 2"]

1. e4 e6 2. b3 d5 3. Bb2 c5 4. exd5 exd5 5. d4 cxd4 6. Nf3 Nc6 7. Nxd4 Nf6 8.
Bb5 Bd7 9. O-O Be7 10. Nd2 O-O 11. N2f3 Bc5 12. Bxc6 bxc6 13. Qd3 Re8 14. Rfe1
Qc7 15. Nf5 Bxf5 16. Qxf5 Ne4 17. Re2 g6 18. Qh3 Qf4 19. Rf1 Re6 20. Nd4 Ng5
21. Qd3 Bxd4 22. Bc1 Qg4 23. Rxe6 Nxe6 0-1

[Event "2. Bundesliga West 2015/16"]
[Site "Servus Europa Wals"]
[Date "2016.03.06"]
[Round "11"]
[Board "1"]
[White "Bertagnolli, Alexander"]
[Black "Votava, Jan"]
[Result "0-1"]
[WhiteElo "2343"]
[BlackElo "2524"]
[PlyCount "80"]
[EventDate "2015.10.16"]
[EventType "team"]
[EventRounds "11"]
[EventCountry "AUT"]
[WhiteTeam "Kufstein/Woergl"]
[BlackTeam "Zillertal"]

1. e4 e5 2. Nf3 Nc6 3. Bb5 a6 4. Bxc6 dxc6 5. O-O Bg4 6. h3 h5 7. d3 Qf6 8.
Nbd2 Ne7 9. Re1 Ng6 10. d4 Nf4 11. dxe5 Qg6 12. Nh4 Bxd1 13. Nxg6 Nxg6 14. Rxd1
O-O-O 15. Re1 Nxe5 16. Nf1 Bb4 17. c3 Be7 18. Be3 Nc4 19. Re2 Rd3 20. Rae1 Nxe3
21. Rxe3 Rhd8 22. g3 b5 23. Kg2 a5 24. Kf3 R3d7 25. e5 Bc5 26. Re4 a4 27. a3
Rd1 28. Ke2 Rxe1+ 29. Kxe1 Kd7 30. Nd2 Re8 31. Ke2 g5 32. g4 hxg4 33. hxg4 Rh8
34. Nf3 Rh1 35. Nxg5 Rb1 36. Rf4 Rxb2+ 37. Kf1 Bxa3 38. Rxf7+ Be7 39. c4 a3 40.
e6+ Ke8 0-1

[Event "2. Bundesliga West 2015/16"]
[Site "Servus Europa Wals"]
[Date "2016.03.06"]
[Round "11"]
[Board "2"]
[White "Lanka, Zigurds"]
[Black "Levushkina, Elena"]
[Result "1-0"]
[WhiteElo "2422"]
[BlackElo "2299"]
[PlyCount "85"]
[EventDate "2015.10.16"]
[EventType "team"]
[EventRounds "11"]
[EventCountry "AUT"]
[WhiteTeam "Zillertal"]
[BlackTeam "Kufstein/Woergl"]

1. Nf3 Nf6 2. c4 e6 3. g3 a6 4. Bg2 b5 5. b3 Bb7 6. O-O Be7 7. Bb2 O-O 8. d3 d6
9. e4 Nfd7 10. Qe2 c5 11. Na3 b4 12. Nc2 a5 13. a3 Nc6 14. d4 bxa3 15. Nxa3 Qb6
16. d5 Nd8 17. Qd3 Ba6 18. Rab1 Rb8 19. Bc3 Bf6 20. Bd2 Qc7 21. h4 Re8 22. Rfd1
Nb7 23. Nc2 Nb6 24. Ne3 Ra8 25. Bf1 Qc8 26. Bh3 Qd8 27. Ng4 Bd4 28. Nxd4 cxd4
29. dxe6 fxe6 30. Qxd4 e5 31. Qc3 a4 32. Ne3 Nc5 33. Nf5 Nxb3 34. Bg5 Qc7 35.
Nxd6 Nxc4 36. Nxe8 Rxe8 37. Rd7 Qc6 38. Qf3 Rf8 39. Qg4 Bc8 40. Qe6+ Qxe6 41.
Bxe6+ Kh8 42. Rf7 Rxf7 43. Bxf7 1-0

[Event "2. Bundesliga West 2015/16"]
[Site "Servus Europa Wals"]
[Date "2016.03.06"]
[Round "11"]
[Board "3"]
[White "Koepke, Christian"]
[Black "Hausner, Ivan"]
[Result "0-1"]
[WhiteElo "2322"]
[BlackElo "2332"]
[PlyCount "80"]
[EventDate "2015.10.16"]
[EventType "team"]
[EventRounds "11"]
[EventCountry "AUT"]
[WhiteTeam "Kufstein/Woergl"]
[BlackTeam "Zillertal"]

1. e4 d6 2. d4 Nf6 3. Nc3 c6 4. f4 Qa5 5. e5 Ne4 6. Qf3 Nxc3 7. Bd2 Qd5 8. bxc3
Qxf3 9. Nxf3 Bf5 10. Bd3 g6 11. O-O e6 12. c4 Nd7 13. Rab1 b6 14. Rfe1 d5 15.
cxd5 cxd5 16. Rb3 Bxd3 17. cxd3 Rc8 18. Rc1 Rxc1+ 19. Bxc1 Nb8 20. Rc3 Kd7 21.
Kf2 Nc6 22. Ke3 Be7 23. Ba3 Bd8 24. Bd6 h6 25. Kf2 g5 26. fxg5 hxg5 27. g4 f5
28. Kg3 fxg4 29. Kxg4 Nxd4 30. Nxg5 Rxh2 31. Nh3 Rg2+ 32. Kh5 Nf5 33. d4 Nxd4
34. Nf4 Rg1 35. Kh6 Nf5+ 36. Kh7 Rg7+ 37. Kh8 Rg4 38. Rf3 Nh4 39. Ra3 Rxf4 40.
Rxa7+ Ke8 0-1

[Event "2. Bundesliga West 2015/16"]
[Site "Servus Europa Wals"]
[Date "2016.03.06"]
[Round "11"]
[Board "4"]
[White "Platzgummer, Fabian"]
[Black "Rusche, Johannes"]
[Result "1-0"]
[WhiteElo "2332"]
[BlackElo "2274"]
[PlyCount "45"]
[EventDate "2015.10.16"]
[EventType "team"]
[EventRounds "11"]
[EventCountry "AUT"]
[WhiteTeam "Zillertal"]
[BlackTeam "Kufstein/Woergl"]

1. Nf3 Nf6 2. g3 e6 3. Bg2 d5 4. O-O Be7 5. d3 c5 6. Nbd2 Nc6 7. e4 O-O 8. Re1
b5 9. e5 Nd7 10. Nf1 a5 11. h4 b4 12. h5 h6 13. N1h2 Qb6 14. Ng4 Bb7 15. Bf4
Rfc8 16. Qd2 Qd8 17. Bxh6 gxh6 18. Nxh6+ Kg7 19. Ng4 Qf8 20. Ng5 Bxg5 21. Qxg5+
Kh7 22. Bxd5 Qh6 23. Be4+ 1-0

[Event "2. Bundesliga West 2015/16"]
[Site "Servus Europa Wals"]
[Date "2016.03.06"]
[Round "11"]
[Board "5"]
[White "Prediger, Ruppert"]
[Black "Tabernig, Bernhard"]
[Result "0-1"]
[WhiteElo "2279"]
[BlackElo "2328"]
[PlyCount "73"]
[EventDate "2015.10.16"]
[EventType "team"]
[EventRounds "11"]
[EventCountry "AUT"]
[WhiteTeam "Kufstein/Woergl"]
[BlackTeam "Zillertal"]

1. e4 e6 2. d4 d5 3. Nc3 Nf6 4. Bg5 Bb4 5. e5 h6 6. Bd2 Bxc3 7. bxc3 Ne4 8. Qg4
Kf8 9. Bd3 Nxd2 10. Kxd2 c5 11. Nf3 c4 12. Be2 b5 13. Rhb1 Bd7 14. h4 a5 15. a3
Qe7 16. Qf4 Bc6 17. h5 Nd7 18. g4 Ke8 19. g5 hxg5 20. Qxg5 Qxg5+ 21. Nxg5 Ke7
22. Rg1 f6 23. Nf3 Rag8 24. Nh4 Nf8 25. f4 Be8 26. Rh1 Kd8 27. Ng2 Rh7 28. Ne3
Rgh8 29. exf6 gxf6 30. f5 Bxh5 31. fxe6 Bxe2 32. Rxh7 Rxh7 33. Kxe2 Rh2+ 34.
Kf3 Nxe6 35. Nxd5 Rxc2 36. Rh1 f5 37. Ke3 0-1